Modern b@nking technology. / (Record no. 3530)

MARC details
000 -LEADER
fixed length control field 00933nam a22001577a 4500
008 - FIXED-LENGTH DATA ELEMENTS--GENERAL INFORMATION
fixed length control field 140820b xxu||||| |||| 00| 0 eng d
020 ## - INTERNATIONAL STANDARD BOOK NUMBER
International Standard Book Number 817211222X
050 ## - LIBRARY OF CONGRESS CALL NUMBER
Classification number HG1709.S8
100 ## - MAIN ENTRY--PERSONAL NAME
Personal name Shroff, Firdos Temurap.
245 ## - TITLE STATEMENT
Title Modern b@nking technology. /
Statement of responsibility, etc. Firdos Temurap Shroff
260 ## - PUBLICATION, DISTRIBUTION, ETC.
Place of publication, distribution, etc. New Delhi:
Name of publisher, distributor, etc. Northern Book Centre,
Date of publication, distribution, etc. 2008.
300 ## - PHYSICAL DESCRIPTION
Extent lvii, 252p.:
Other physical details ill.;
Dimensions 25cm.
500 ## - GENERAL NOTE
General note Includes index and appendix.
505 ## - FORMATTED CONTENTS NOTE
Formatted contents note Contents: Role and impact of technology -- Technological change in Indian banking industry -- RTGS: a revolution in information technology -- Cheque truncation and e-Cheques -- India vision - 2020 - Dr. APJ Abdul Kakam, Hon'ble president of India -- Executive summary - IBA report -- Information technology act,2000 - Issues -- E-Learning -- Banking-Based Information Services (BITeS) -- Financial (1991)/Banking (1998) sector reforms: multiple choice question bank -- Annexures.
942 ## - ADDED ENTRY ELEMENTS (KOHA)
Source of classification or shelving scheme Library of Congress Classification
Koha item type Books
Holdings
Withdrawn status Lost status Source of classification or shelving scheme Damaged status Not for loan Home library Current library Shelving location Date acquired Total Checkouts Full call number Barcode Date last seen Copy number Price effective from Koha item type
    Library of Congress Classification     WISCONSIN INTERNATIONAL UNIVERSITY COLLEGE, GHANA - MAIN LIBRARY WISCONSIN INTERNATIONAL UNIVERSITY COLLEGE, GHANA - MAIN LIBRARY Reference 20/08/2014   HG1709.S8 7350/375/13 20/08/2014 1 20/08/2014 Books
    Library of Congress Classification     WISCONSIN INTERNATIONAL UNIVERSITY COLLEGE, GHANA - MAIN LIBRARY WISCONSIN INTERNATIONAL UNIVERSITY COLLEGE, GHANA - MAIN LIBRARY Reference 20/08/2014   HG1709.S81 7351/376/13 20/08/2014 2 20/08/2014 Books

If you have any concerns or questions; kindly contact the library


© Powered by WIUC ICT DIRECTORATE